000
00268nam a22001097a 4500
008
170118b xxu||||| |||| 00| 0 eng d
020
_a
9780323018227
041
_a
eng
080
_2
21ST
_a
618.2
245
_a
MOSBY'S PHARMACOLOGY IN NURSING
_c
SALERNO, M
942
_2
udc
_c
BK
999
_c
3083
_d
3083